| 000 | 00740nam a22002297a 4500 | ||
|---|---|---|---|
| 005 | 20251108175506.0 | ||
| 008 | 250721s2012 xx 000 0 ara d | ||
| 082 | 1 | 4 | _a327.11/مني |
| 100 | 1 | _aالمنياوي، رمزي | |
| 245 | 1 | 0 | _aالفوضى الخلافة الربيع العربي بين الثورة و الفوضى ؟! / |
| 264 | 1 |
_aدمشق : _bدار الكتاب العربي، _c2012. |
|
| 300 | _a240ص. | ||
| 650 | 1 | 7 | _aالقوة في العلاقات الدولية |
| 650 | 1 | 7 | _aالتدخل الاجنبي |
| 650 | 1 | 7 | _aالهيمنة |
| 650 | 1 | 7 | _aالحرب |
| 650 | 1 | 7 | _aالنشاطات الهدامة |
| 650 | 1 | 7 | _aالثورات |
| 650 | 1 | 7 | _aالفوضى |
| 942 |
_2ddc _cBK |
||
| 999 |
_c135382 _d135382 |
||